Anagram Chain - North and South America - Statistics

General Stats
  • This quiz has been taken 101 times
  • The average score is 15 of 30
Answer Stats
Hint Answer % Correct
The land of the free USA
100%
Remove R, E, PAdd C, A, B Cuba
91%
Remove A, SAdd R, P, E Peru
91%
Remove C, A, S, T, A, RAdd X, E, M Mexico
76%
Remove E, XAdd A, B, O, L Colombia
67%
Remove B, UAdd C, A, S, T, O, R, I Costa Rica
66%
Remove O, N, D, IAdd Ax2, J Jamaica
66%
Remove J, MAdd G, R, U, N Nicaragua
58%
Remove O, L, B Add N, I, D Dominica
55%
Remove S, A, L, O, D, RAdd Z, U, N, Ex2 Venezuela
54%
Remove U, CAdd Lx2, V, S, A El Salvador
52%
Remove E, V, A, N, UAdd B, I Belize
51%
Remove Z, RAdd V, I, O Bolivia
49%
Remove Ex2Add A, R Brazil
49%
Remove I, N, G, Ax2Add D, O, E Ecuador
49%
Remove S, O, Bx2, RAdd C, A, N Canada
48%
Remove D, N, CAdd M, P, N Panama
48%
Remove L, Ix2, V Add D, R, A, B, S Barbados
46%
Remove N, PAdd S, H, B Bahamas
43%
Remove H, Ax2, BAdd U, R, I, N, E Suriname
42%
Remove S, A, T, UAdd E, H Chile
34%
Remove L, C, EAdd T, I, A Haiti
31%
Remove H, IAdd Nx2, R, A, G, E Argentina
28%
Remove R, H, N, O, D USA
28%
Remove Ux2Add Ax2, P Paraguay
27%
Remove N, AAdd R, Ux2 Uruguay
27%
Remove Ax2, R, Y, P, GAdd S, H, D, O, R, N Honduras
25%
Remove M, U, R, E, NAdd C, U, L, T St Lucia
25%
Remove T, I, Nx2, RAdd T, U, L, A, M Guatemala
24%
Remove M, A, L, E, TAdd, Y, N Guyana
24%
No matching quizzes found
Score Distribution
Percent of People with Each Score
Percentile by Number Answered
Your Score History
You have not taken this quiz